quiz garten of banban - Statistiques

Statistiques générales
  • Ce quiz a été pris 23 fois
  • Le résultat moyen est 11 sur 24
Statistiques - réponses
hint Réponse % Correct
red and evil banban
100%
green and very strong jumbo josh
79%
dark blue and lonely nabnab
74%
pink and have family opila bird
74%
white and teacher banbaleena
58%
black and with nabnab nabnaleena
58%
yellow and fast slow seline
58%
orange and very smart stinger flynn
58%
blue and anti-evil flumbo
53%
blue and small captain fiddles
47%
violet and queen queen bouncelia
47%
brown and sheriff sheriff toadster
47%
fushia and surgeon syringeon
47%
cyan and have family tarta bird
47%
blue,green and jokes bittergiggle
42%
gray and leeche sir dadadoo
37%
green and two head tamataki&chamataki
37%
green pale and long zolphius
37%
brown and cat kittysaurus
32%
black and pig the nanny
26%
orange and artist brushista
21%
green pale and snakesheep ramamba
21%
name of the developer euphoric brothers
16%
gray and naughty the naughty ones
16%
Aucun quiz correspondant
Distribution des résultats
% des personnes avec chaque résultat
Percentile par nombre de réponses
Votre historique - résultats
Vous n’avez pas pris ce quiz